| 000 | 01142nam a2200229Ia 4500 | ||
|---|---|---|---|
| 001 | L140-946 | ||
| 003 | IT-CnALBA | ||
| 008 | 170116s9999||||xx |||||||||||||| ||und|| | ||
| 040 |
_aIT-CnALBA _cIT-CnALBA |
||
| 041 | _aITALIANO | ||
| 100 | _aAA. VV. | ||
| 245 | 0 | _aESISTENZIALISMO | |
| 250 | _a1a ed. | ||
| 260 |
_a TORINO - ROMA _bMARIETTI EDITORE _c1947 [1° Ed.: n.d.] |
||
| 300 | _a238 p. | ||
| 500 | _aESISTENZIALISMO. ESISTENZIALISMO DI S. TOMMASO. ONTOLOGIA DI HEIDEGGER MARTINO. ESISTENZIALISMO ITALIANO. CONOSCENZA DELL'ESSERE. NECESSITÀ DELL'ASSOLUTO SECONDO KIERKEGAARD. KIERKEGAARD E LA TEOLOGIA PROTESTANTE. ESISTENZIALISMO CRISTIANO DI MARCEL GABRI | ||
| 501 | _aSocietà San Paolo EM - Piazza San Paolo, 14 - 12051 ALBA (CN) (non commercial uses only) ® Copyright 2017 | ||
| 520 | _aESISTENZIALISMO. ESISTENZIALISMO DI S. TOMMASO. ONTOLOGIA DI HEIDEGGER MARTINO. ESISTENZIALISMO ITALIANO. CONOSCENZA DELL'ESSERE. NECESSITÀ DELL'ASSOLUTO SECONDO KIERKEGAARD. KIERKEGAARD E LA TEOLOGIA PROTESTANTE. ESISTENZIALISMO CRISTIANO DI MARCEL GABRI | ||
| 650 | _aSISTEMI FILOSOFICI | ||
| 942 | _cBK | ||
| 957 | _71 | ||
| 999 |
_a1038 _bSI _g Copie: 1 _c260175 _d260175 |
||